Los médicos y el Código Penal

Сохранить в:
Библиографические подробности
Главный автор: López Bolado, Jorge (autor)
Формат:
Язык:испанский
Опубликовано: Buenos Aires Universidad 1987
Редактирование:1a. ed
Предметы:
Метки: Добавить метку
Нет меток, Требуется 1-ая метка записи!

MARC

LEADER 00000cam a2200000 a 4500
001 UCC4403
003 CL-VaPUC
008 180803e19870000ag |||||||||||||||||spa|d
020 |a 9506790345 
082 0 4 |a 344.041  |b LOP  |2 21 
100 |a López Bolado, Jorge  |e autor  |9 598663 
245 1 4 |a Los médicos y el Código Penal 
250 |a 1a. ed 
300 |a 426 p 
942 |c BK 
945 |d 20180803 12:44:00  |a dcastane 
260 |a Buenos Aires  |b Universidad  |c 1987 
650 7 |a MEDICINA LEGAL  |2 CL-VaPUC  |9 598664 
650 0 |a Criminología  |9 256168 
650 0 |a Responsabilidad profesional  |9 381253 
583 |a last modification  |c 20180803 12:44:00  |k Rodrigo Vera 
999 |c 371955  |d 371953 
952 |0 0  |1 0  |3 erb  |4 0  |6 344_041000000000000_LOP_1987  |7 0  |8 A  |9 489173  |a BIBDER  |b BIBDER  |e Mateluna Arestizabal, Alfredo Sergio  |i 5485215  |o 344.041 LOP 1987  |p 5485215  |r 2023-01-25  |w 2019-11-24  |y BK  |z Catalogado en:20180803  |k DER